Four Arguments For the Elimination of Television/ (Record no. 211425)

MARC details
000 -LEADER
fixed length control field 00649nam a22001817a 4500
005 - DATE AND TIME OF LATEST TRANSACTION
control field 20250528112635.0
010 ## - LCCN (DPL NO)
LC control number ENG-144991
020 ## - INTERNATIONAL STANDARD BOOK NUMBER
International Standard Book Number 9789382400240
Terms of availability 450.00
035 ## - SYSTEM CONTROL NUMBER
System control number EN-128523
037 ## - SOURCE OF ACQUISITION
Source of stock number/acquisition DBAD
082 ## - DEWEY DECIMAL CLASSIFICATION NUMBER
Classification number 384.55
100 ## - MAIN ENTRY--PERSONAL NAME
Personal name Mander, Jerry
245 ## - TITLE STATEMENT
Title Four Arguments For the Elimination of Television/
Remainder of title Jerry Mander
260 ## - PUBLICATION, DISTRIBUTION, ETC. (IMPRINT)
Place of publication, distribution, etc Indore
Name of publisher, distributor, etc Banyan Tree
Date of publication, distribution, etc 2017
270 ## - ADDRESS
City Indore
Postal code 452003
Address 1-B. Dhenu Market, 1st Floor
Telephone number 731-2531488, 9425904428, 8989461462
Electronic mail address banyantreebookstore@gmail.com; takali.india@gmail.com
300 ## - PHYSICAL DESCRIPTION
Extent 337p.
Dimensions 22cm(pb)
Other physical details Including illustrations.
942 ## - ADDED ENTRY ELEMENTS (KOHA)
Source of classification or shelving scheme Dewey Decimal Classification
Item type English Books
Classification part 384.55
Call number suffix MAN
Holdings
Withdrawn status Lost status Not for loan Collection code Home library Current library Date acquired Source of acquisition Cost, normal purchase price Full call number Barcode Copy number Cost, replacement price Koha item type
      Non-fiction New Police Line New Police Line 28/05/2025 Delivery of Books Act Division 450.00 384.55 MAN EN-128523 1 450.00 English Books

© Delhi Public Library
Hit Counter
free hit counter